[Event "Vaxjo op"]
[Site "Vaxjo"]
[Date "2023.02.12"]
[Round "8"]
[White "Eriksson, Christian Altenburg"]
[Black "Johansson, Gunnar"]
[Result "1/2-1/2"]
[WhiteElo "2104"]
[BlackElo "2260"]
[PlyCount "71"]
[EventDate "2023.02.10"]
[EventType "swiss"]
[EventRounds "8"]
[EventCountry "SWE"]
[SourceTitle "CBM 212 Extra"]
[Source "ChessBase"]
[SourceDate "2023.03.31"]
[SourceVersion "1"]
[SourceVersionDate "2023.03.31"]
[SourceQuality "1"]

1. e4 c5 2. c3 Nf6 3. e5 Nd5 4. Nf3 d6 5. Bb5+ Bd7 6. Bc4 e6 7. d4 Bc6 8. 0-0 Nd7 9. Qe2 cxd4 10. cxd4 Be7 11. Re1 Rc8 12. Bxd5 Bxd5 13. Nc3 Nb6 14. Bf4 0-0 15. Rac1 Qd7 16. h4 Rfd8 17. Ng5 dxe5 18. dxe5 h6 19. Nge4 Bxe4 20. Nxe4 Nd5 21. Qg4 h5 22. Qg3 Rxc1 23. Bxc1 Rc8 24. Bg5 Kf8 25. Qf3 Bxg5 26. hxg5 g6 27. Nf6 Qb5 28. Rd1 Nxf6 29. Qxf6 Kg8 30. b3 a5 31. Rd4 b6 32. Kh2 Qc6 33. Rd6 Qc2 34. Rd8+ Rxd8 35. Qxd8+ Kg7 36. Qf6+ 1/2-1/2

[Event "Vaxjo op"]
[Site "Vaxjo"]
[Date "2023.02.12"]
[Round "7"]
[White "Johansson, William"]
[Black "Johansson, Gunnar"]
[Result "0-1"]
[WhiteElo "1981"]
[BlackElo "2260"]
[PlyCount "54"]
[EventDate "2023.02.10"]
[EventType "swiss"]
[EventRounds "8"]
[EventCountry "SWE"]
[SourceTitle "CBM 212 Extra"]
[Source "ChessBase"]
[SourceDate "2023.03.31"]
[SourceVersion "1"]
[SourceVersionDate "2023.03.31"]
[SourceQuality "1"]

1. d4 d5 2. Nf3 Nf6 3. c3 c5 4. dxc5 e6 5. Be3 a5 6. Ne5 Nbd7 7. Qa4 Qc7 8. Nd3 e5 9. Na3 Be7 10. Nb5 Qb8 11. g3 0-0 12. Bg2 Rd8 13. 0-0 Nf8 14. h3 Bd7 15. f4 e4 16. Ne5 Be8 17. c6 bxc6 18. Nd4 Bd6 19. Nf5 Qxb2 20. Nxd6 Rxd6 21. Bc5 Rdd8 22. e3 Ne6 23. Rfb1 Nxc5 24. Qd4 Qa3 25. f5 Rab8 26. Nc4 dxc4 27. Rxb8 Rxb8 0-1

[Event "Vaxjo op"]
[Site "Vaxjo"]
[Date "2023.02.11"]
[Round "6"]
[White "Johansson, Gunnar"]
[Black "Jepson, Christian"]
[Result "0-1"]
[WhiteElo "2260"]
[BlackElo "2395"]
[PlyCount "90"]
[EventDate "2023.02.10"]
[EventType "swiss"]
[EventRounds "8"]
[EventCountry "SWE"]
[SourceTitle "CBM 212 Extra"]
[Source "ChessBase"]
[SourceDate "2023.03.31"]
[SourceVersion "1"]
[SourceVersionDate "2023.03.31"]
[SourceQuality "1"]

1. c4 Nf6 2. Nf3 d6 3. Nc3 g6 4. e4 Bg7 5. d4 0-0 6. h3 c5 7. d5 e6 8. Bd3 Nbd7 9. 0-0 e5 10. g4 h5 11. Ne1 a6 12. a4 hxg4 13. hxg4 Nh7 14. Kg2 Ndf6 15. f3 Ne8 16. Nc2 Bf6 17. Bh6 Ng7 18. Qe2 Bg5 19. Bxg5 Qxg5 20. Qe3 f5 21. Qxg5 Nxg5 22. Ne3 f4 23. Nc2 Ne8 24. Rh1 Nf6 25. b3 Bd7 26. Na3 Kg7 27. Rh4 Nxf3 28. Kxf3 g5 29. Rhh1 Rh8 30. Nc2 Bxg4+ 31. Kf2 Bd7 32. Rag1 g4 33. Be2 Kg6 34. Ne1 Kf7 35. Rxh8 Rxh8 36. Kg2 Rh3 37. Nf3 gxf3+ 38. Bxf3 Bg4 39. Bxg4 Rg3+ 40. Kf1 Rxg1+ 41. Kxg1 Nxg4 42. Kg2 Ne3+ 43. Kh3 Nc2 44. Nb1 Nd4 45. Nd2 Ke7 0-1

[Event "Vaxjo op"]
[Site "Vaxjo"]
[Date "2020.02.08"]
[Round "5"]
[White "Sandberg, Philip"]
[Black "Johansson, Gunnar"]
[Result "0-1"]
[WhiteElo "1906"]
[BlackElo "2248"]
[PlyCount "58"]
[EventDate "2020.02.07"]
[EventType "swiss"]
[EventRounds "8"]
[EventCountry "SWE"]
[SourceTitle "CBM 194 Extra"]
[Source "ChessBase"]
[SourceDate "2020.03.31"]
[SourceVersion "1"]
[SourceVersionDate "2020.03.31"]
[SourceQuality "1"]

1. d4 d6 2. c4 g6 3. Nc3 Bg7 4. Nf3 Nd7 5. e4 e5 6. d5 Ne7 7. Bd3 0-0 8. 0-0 f5 9. b4 a5 10. Ba3 b6 11. b5 h6 12. Qc2 f4 13. g4 Nf6 14. h3 h5 15. g5 Bxh3 16. gxf6 Bxf6 17. Kh2 Bxf1 18. Rxf1 g5 19. Rh1 g4 20. Nd2 Kf7 21. Kg2 Rh8 22. Qd1 Qd7 23. Nf1 Rag8 24. Bc1 Ng6 25. Nh2 Nh4+ 26. Kg1 g3 27. fxg3 Qh3 28. Kf2 Qxg3+ 29. Ke2 Qg2+ 0-1

[Event "Hasselbacken op"]
[Site "Stockholm"]
[Date "2019.11.02"]
[Round "6"]
[White "Sorensen, Hampus"]
[Black "Johansson, Gunnar"]
[Result "1-0"]
[WhiteElo "2365"]
[BlackElo "2196"]
[PlyCount "39"]
[EventDate "2019.11.01"]
[EventType "swiss"]
[EventRounds "8"]
[EventCountry "SWE"]
[SourceTitle "CBM 192 Extra"]
[Source "Chessbase"]
[SourceDate "2019.11.06"]
[SourceVersion "1"]
[SourceVersionDate "2019.11.06"]
[SourceQuality "1"]

1. d4 d5 2. c4 c6 3. Nf3 Nf6 4. Nc3 e6 5. e3 Nbd7 6. Bd3 dxc4 7. Bxc4 b5 8. Bd3 Bb7 9. 0-0 a6 10. e4 c5 11. d5 Qc7 12. dxe6 fxe6 13. Ng5 Qc6 14. a4 b4 15. Ne2 h6 16. Nf3 Nxe4 17. Ng3 Ndf6 18. Nxe4 Nxe4 19. Ne5 Qd5 20. Bxe4 1-0

[Event "Lund CellaVision Cup"]
[Site "Lund"]
[Date "2019.08.02"]
[Round "4"]
[White "Smith, Axel"]
[Black "Johansson, Gunnar"]
[Result "1-0"]
[WhiteElo "2463"]
[BlackElo "2172"]
[PlyCount "85"]
[EventDate "2019.08.02"]
[EventType "swiss"]
[EventRounds "8"]
[EventCountry "SWE"]
[SourceTitle "CBM 191 Extra"]
[Source "ChessBase"]
[SourceDate "2019.09.30"]
[SourceVersion "1"]
[SourceVersionDate "2019.09.30"]
[SourceQuality "1"]

1. Nf3 d5 2. c4 c6 3. e3 Nf6 4. Nc3 e6 5. b3 Bd6 6. Qc2 e5 7. cxd5 cxd5 8. Nb5 Nc6 9. Nxd6+ Qxd6 10. Bb2 0-0 11. Bb5 e4 12. Nd4 Ne5 13. a4 Nd3+ 14. Bxd3 exd3 15. Qxd3 Re8 16. Nb5 Qe7 17. Rc1 Rd8 18. 0-0 a6 19. Nd4 Be6 20. Rc2 Rac8 21. Rfc1 Rxc2 22. Qxc2 h6 23. Qc7 Rd7 24. Qc8+ Kh7 25. Qc5 Qd8 26. f3 h5 27. Qc2+ Kg8 28. Qc8 Qxc8 29. Rxc8+ Kh7 30. Kf2 Ng8 31. Re8 Nf6 32. Nxe6 fxe6 33. Bxf6 gxf6 34. Rxe6 d4 35. exd4 Rxd4 36. Re7+ Kg6 37. Rxb7 Rxd2+ 38. Kg3 h4+ 39. Kh3 a5 40. Rb5 Rd3 41. Rxa5 Rxb3 42. Kxh4 Rb2 43. Kg3 1-0

[Event "Gothenburg Kvibergspelen"]
[Site "Gothenburg"]
[Date "2019.05.10"]
[Round "3"]
[White "Blomqvist, Erik"]
[Black "Johansson, Gunnar"]
[Result "1-0"]
[WhiteElo "2500"]
[BlackElo "2174"]
[PlyCount "85"]
[EventDate "2019.05.10"]
[EventType "swiss"]
[EventRounds "8"]
[EventCountry "SWE"]
[SourceTitle "CBM 190 Extra"]
[Source "ChessBase"]
[SourceDate "2019.07.15"]
[SourceVersion "1"]
[SourceVersionDate "2019.07.15"]
[SourceQuality "1"]

1. e4 c5 2. Nf3 e6 3. c3 Nf6 4. e5 Nd5 5. Bc4 d6 6. d4 cxd4 7. cxd4 Nc6 8. 0-0 Be7 9. exd6 Qxd6 10. Nc3 0-0 11. Re1 Nxc3 12. bxc3 b6 13. Ng5 h6 14. Ne4 Qc7 15. Qg4 f5 16. Qg3 f4 17. Qd3 Na5 18. Bb3 Nxb3 19. axb3 e5 20. d5 Bf5 21. c4 a5 22. Bb2 Rad8 23. Rad1 Bb4 24. Re2 Bg4 25. f3 Bf5 26. Bc3 Bxc3 27. Qxc3 Bxe4 28. Rxe4 Rfe8 29. g3 fxg3 30. hxg3 b5 31. c5 b4 32. Qc4 Kh8 33. Kg2 Rc8 34. d6 Qd7 35. Qd5 a4 36. bxa4 b3 37. Rb1 Qc6 38. Qxc6 Rxc6 39. Rc4 Rd8 40. Rxb3 Rdxd6 41. cxd6 Rxc4 42. Rb8+ Kh7 43. d7 1-0

[Event "Vaxjo op"]
[Site "Vaxjo"]
[Date "2019.02.09"]
[Round "5"]
[White "Johansson, Gunnar"]
[Black "Jakenberg, Jussi"]
[Result "1/2-1/2"]
[WhiteElo "2259"]
[BlackElo "2098"]
[PlyCount "40"]
[EventDate "2019.02.08"]
[EventType "swiss"]
[EventRounds "8"]
[EventCountry "SWE"]
[SourceTitle "CBM 188 Extra"]
[Source "ChessBase"]
[SourceDate "2019.02.28"]
[SourceVersion "1"]
[SourceVersionDate "2019.02.28"]
[SourceQuality "1"]

1. d4 Nf6 2. c4 e6 3. g3 d5 4. Nf3 Bb4+ 5. Bd2 Be7 6. Bg2 c6 7. Qc2 b6 8. 0-0 0-0 9. Bf4 Nbd7 10. Nbd2 Nh5 11. Be3 Bb7 12. Rfd1 f5 13. Nf1 Rc8 14. Rac1 h6 15. cxd5 cxd5 16. Qa4 a6 17. Rxc8 Qxc8 18. Rc1 Qd8 19. Bd2 b5 20. Qa5 Bd6 1/2-1/2

[Event "Malmo op"]
[Site "Malmo"]
[Date "2018.12.16"]
[Round "7"]
[White "Johansson, Gunnar"]
[Black "Pantzar, Milton"]
[Result "1/2-1/2"]
[WhiteElo "2202"]
[BlackElo "2334"]
[PlyCount "72"]
[EventDate "2018.12.14"]
[EventType "swiss"]
[EventRounds "8"]
[EventCountry "SWE"]
[SourceTitle "CBM 187 Extra"]
[Source "ChessBase"]
[SourceDate "2018.11.04"]
[SourceVersion "1"]
[SourceVersionDate "2018.11.04"]
[SourceQuality "1"]

1. d4 Nf6 2. Nf3 c5 3. c3 e6 4. Nbd2 cxd4 5. cxd4 d5 6. e3 Bd6 7. Bd3 Nc6 8. 0-0 0-0 9. b3 b6 10. a3 Bb7 11. Bb2 Rc8 12. Qe2 Qe7 13. b4 a5 14. b5 Nb8 15. Ne5 Nfd7 16. f4 f5 17. a4 Nxe5 18. fxe5 Bb4 19. Rac1 Nd7 20. Rxc8 Rxc8 21. Nb1 Nf8 22. Rc1 Qg5 23. Rxc8 Bxc8 24. Ba3 Bxa3 25. Nxa3 Bd7 26. Nc2 Be8 27. Ne1 Bh5 28. Qd2 Qe7 29. Qc3 Bd1 30. Bc2 Bxc2 31. Nxc2 Qh4 32. Ne1 Qe4 33. Qd3 Qg4 34. Nf3 h6 35. Kf2 Qe4 36. Qxe4 fxe4 1/2-1/2

[Event "Malmo op"]
[Site "Malmo"]
[Date "2018.12.15"]
[Round "5"]
[White "Crevatin, Leo"]
[Black "Johansson, Gunnar"]
[Result "1/2-1/2"]
[WhiteElo "2120"]
[BlackElo "2202"]
[PlyCount "55"]
[EventDate "2018.12.14"]
[EventType "swiss"]
[EventRounds "8"]
[EventCountry "SWE"]
[SourceTitle "CBM 187 Extra"]
[Source "ChessBase"]
[SourceDate "2018.11.04"]
[SourceVersion "1"]
[SourceVersionDate "2018.11.04"]
[SourceQuality "1"]

1. d4 d5 2. c4 c6 3. Nf3 Nf6 4. Nbd2 Bf5 5. Nh4 Bc8 6. e3 e6 7. Nhf3 c5 8. cxd5 Nxd5 9. Bb5+ Bd7 10. Bxd7+ Nxd7 11. 0-0 cxd4 12. Nxd4 Be7 13. b3 0-0 14. Bb2 Rc8 15. Qe2 Qb6 16. Nc4 Qa6 17. e4 N5b6 18. Nxb6 Qxe2 19. Nxe2 Nxb6 20. Rac1 Rxc1 21. Rxc1 Rc8 22. Rxc8+ Nxc8 23. Bd4 a6 24. f3 Bd6 25. g3 f6 26. Kf2 Kf7 27. Nc3 Ne7 28. Be3 1/2-1/2

[Event "Vasteras op"]
[Site "Vasteras"]
[Date "2018.09.30"]
[Round "8"]
[White "Kucuksari, Kaan"]
[Black "Johansson, Gunnar"]
[Result "1/2-1/2"]
[WhiteElo "2327"]
[BlackElo "2203"]
[PlyCount "92"]
[EventDate "2018.09.28"]
[EventType "swiss"]
[EventRounds "8"]
[EventCountry "SWE"]
[SourceTitle "CBM 186 Extra"]
[Source "ChessBase"]
[SourceDate "2018.08.24"]
[SourceVersion "1"]
[SourceVersionDate "2018.08.24"]
[SourceQuality "1"]

1. d4 d5 2. Nf3 Nf6 3. e3 c5 4. Nbd2 e6 5. c3 Nc6 6. Bd3 Bd6 7. 0-0 0-0 8. dxc5 Bxc5 9. e4 Qc7 10. exd5 exd5 11. Nb3 Bd6 12. h3 Bd7 13. Be3 Rfe8 14. Nbd4 a6 15. Re1 h6 16. Qc2 Na5 17. Nf5 Bxf5 18. Bxf5 Nc6 19. Rad1 Re7 20. Qa4 Ne5 21. Nxe5 Rxe5 22. Bc2 Rae8 23. Rf1 R5e7 24. Qd4 Re6 25. Qd3 Bc5 26. Bxc5 Qxc5 27. b4 Qc7 28. Bb3 Rc6 29. Rc1 Rc8 30. Rfd1 Rxc3 31. Rxc3 Qxc3 32. Qxc3 Rxc3 33. Bxd5 Nxd5 34. Rxd5 Rc1+ 35. Kh2 Rc2 36. Rd8+ Kh7 37. Rd7 Rxf2 38. Rxb7 Rxa2 39. Rxf7 Ra4 40. Rb7 a5 41. b5 Rb4 42. Kg3 a4 43. Kf3 a3 44. Ra7 Rxb5 45. Rxa3 h5 46. Kf4 Kh6 1/2-1/2

[Event "Vasteras op"]
[Site "Vasteras"]
[Date "2018.09.28"]
[Round "4"]
[White "Lokander, Martin"]
[Black "Johansson, Gunnar"]
[Result "1-0"]
[WhiteElo "2384"]
[BlackElo "2203"]
[PlyCount "103"]
[EventDate "2018.09.28"]
[EventType "swiss"]
[EventRounds "8"]
[EventCountry "SWE"]
[SourceTitle "CBM 186 Extra"]
[Source "ChessBase"]
[SourceDate "2018.08.24"]
[SourceVersion "1"]
[SourceVersionDate "2018.08.24"]
[SourceQuality "1"]

1. d4 d5 2. c4 c6 3. Nc3 Nf6 4. e3 e6 5. Nf3 Nbd7 6. Qc2 b6 7. cxd5 cxd5 8. Nb5 Bb4+ 9. Bd2 Bxd2+ 10. Nxd2 0-0 11. Bd3 a6 12. Qc6 Rb8 13. Nd6 Nc5 14. dxc5 Bd7 15. Nxf7 Rxf7 16. Qd6 Ne8 17. Qg3 bxc5 18. b3 Bb5 19. Bxb5 axb5 20. a4 Ra8 21. 0-0 bxa4 22. bxa4 Rfa7 23. Qg4 Qd7 24. Nb3 Nf6 25. Qh3 c4 26. Nc5 Qd6 27. Nxe6 Rxa4 28. Rxa4 Rxa4 29. Rb1 Qb4 30. Rf1 c3 31. Nd4 h6 32. Qc8+ Kh7 33. Qf5+ Kh8 34. h3 Qb2 35. Rb1 Ra1 36. Rxa1 Qxa1+ 37. Kh2 Qb2 38. g4 Qb8+ 39. Kg2 Qe8 40. Kg1 Qe4 41. Qc8+ Kh7 42. Qxc3 h5 43. f3 Qe5 44. Qc2+ g6 45. Qf2 g5 46. Qc2+ Kg7 47. Nf5+ Kf7 48. Kg2 hxg4 49. hxg4 Ne8 50. Qb1 Nd6 51. Nxd6+ Qxd6 52. Qf5+ 1-0

[Event "Lund CellaVision Cup"]
[Site "Lund"]
[Date "2018.08.03"]
[Round "4"]
[White "Golubka, Petr"]
[Black "Johansson, Gunnar"]
[Result "1-0"]
[WhiteElo "2478"]
[BlackElo "2202"]
[PlyCount "49"]
[EventDate "2018.08.03"]
[EventType "swiss"]
[EventRounds "8"]
[EventCountry "SWE"]
[SourceTitle "CBM 186 Extra"]
[Source "ChessBase"]
[SourceDate "2018.08.24"]
[SourceVersion "1"]
[SourceVersionDate "2018.08.24"]
[SourceQuality "1"]

1. e4 c5 2. Nf3 e6 3. d4 cxd4 4. Nxd4 Nc6 5. Nc3 Qc7 6. Be3 a6 7. Qd2 Nf6 8. 0-0-0 Be7 9. f4 d5 10. e5 Nd7 11. Kb1 b5 12. Nxc6 Qxc6 13. h4 Bc5 14. h5 b4 15. Ne2 a5 16. Bxc5 Qxc5 17. Nd4 Ba6 18. f5 0-0 19. Rh3 exf5 20. Nxf5 Bxf1 21. Qg5 g6 22. hxg6 fxg6 23. Rxh7 Nxe5 24. Rg7+ Kh8 25. Qh6# 1-0

[Event "Gothenburg Kvibergspelen"]
[Site "Gothenburg"]
[Date "2018.04.22"]
[Round "7"]
[White "Johansson, Gunnar"]
[Black "Rydstrom, Tom"]
[Result "1-0"]
[WhiteElo "2212"]
[BlackElo "2357"]
[PlyCount "55"]
[EventDate "2018.04.20"]
[EventType "swiss"]
[EventRounds "8"]
[EventCountry "SWE"]
[SourceTitle "CBM 184 Extra"]
[Source "ChessBase"]
[SourceDate "2018.06.28"]
[SourceVersion "1"]
[SourceVersionDate "2018.06.28"]
[SourceQuality "1"]

1. d4 g6 2. e4 Bg7 3. c4 Nc6 4. Nf3 e5 5. dxe5 Nxe5 6. Nxe5 Bxe5 7. Be2 Qh4 8. Qd3 d6 9. g3 Qe7 10. Nc3 c6 11. Bd2 Be6 12. 0-0 f5 13. f4 Bg7 14. Bf3 Nf6 15. Rfe1 0-0-0 16. exf5 gxf5 17. Qe3 Rde8 18. Qxa7 Qc7 19. b3 Nd7 20. Rad1 h5 21. Na4 Qb8 22. Qxb8+ Kxb8 23. Bb4 d5 24. cxd5 Bxd5 25. Bxd5 cxd5 26. Rxd5 Rxe1+ 27. Bxe1 Kc7 28. Rxf5 1-0

[Event "Gothenburg Kvibergspelen"]
[Site "Gothenburg"]
[Date "2018.04.20"]
[Round "1"]
[White "Johansson, Gunnar"]
[Black "Ytterberg, Felix"]
[Result "1-0"]
[WhiteElo "2212"]
[BlackElo "1864"]
[PlyCount "103"]
[EventDate "2018.04.20"]
[EventType "swiss"]
[EventRounds "8"]
[EventCountry "SWE"]
[SourceTitle "CBM 184 Extra"]
[Source "ChessBase"]
[SourceDate "2018.06.28"]
[SourceVersion "1"]
[SourceVersionDate "2018.06.28"]
[SourceQuality "1"]

1. d4 Nf6 2. c4 e6 3. Nf3 d5 4. Nc3 dxc4 5. e4 Bb4 6. Bg5 h6 7. Bxf6 Qxf6 8. Bxc4 c5 9. 0-0 cxd4 10. Nb5 Qd8 11. Qa4 Nc6 12. Nbxd4 Qa5 13. Bb5 Qxa4 14. Bxa4 Bd7 15. Nxc6 Bxc6 16. Bxc6+ bxc6 17. Rac1 Rc8 18. Rc4 Bd6 19. Rfc1 Kd7 20. Nd4 c5 21. Nb3 Rb8 22. Nxc5+ Bxc5 23. Rxc5 Rb7 24. b3 Rhb8 25. Kf1 Kd6 26. Ke2 f6 27. Ke3 Rb6 28. f4 R8b7 29. e5+ fxe5 30. Rxe5 Rb5 31. Rd1+ Rd5 32. Rd4 g5 33. Rexd5+ exd5 34. Ra4 gxf4+ 35. Rxf4 Ke5 36. Rh4 Rb6 37. Rh5+ Ke6 38. Rxh6+ Ke5 39. Rxb6 axb6 40. a4 d4+ 41. Kd3 Kd5 42. b4 Ke5 43. a5 bxa5 44. bxa5 Kd5 45. a6 Kc6 46. Kxd4 Kb6 47. h4 Kxa6 48. h5 Kb6 49. Ke5 Kc6 50. h6 Kd7 51. Kf6 Ke8 52. h7 1-0

[Event "Rilton Cup 47th"]
[Site "Stockholm"]
[Date "2018.01.05"]
[Round "9"]
[White "Crevatin, Leo"]
[Black "Johansson, Gunnar"]
[Result "1/2-1/2"]
[WhiteElo "2114"]
[BlackElo "2226"]
[PlyCount "65"]
[EventDate "2017.12.27"]
[EventType "swiss"]
[EventRounds "9"]
[EventCountry "SWE"]
[SourceTitle "CBM 182 Extra"]
[Source "ChessBase"]
[SourceDate "2018.02.23"]
[SourceVersion "1"]
[SourceVersionDate "2018.02.23"]
[SourceQuality "1"]

1. d4 d5 2. c4 c6 3. Nf3 Nf6 4. e3 Bf5 5. Nc3 e6 6. Nh4 Bg6 7. Nxg6 hxg6 8. Rb1 Nbd7 9. c5 e5 10. b4 Be7 11. Be2 Qc7 12. g3 Nf8 13. b5 Ne6 14. bxc6 bxc6 15. Qa4 0-0 16. 0-0 exd4 17. exd4 Nd7 18. Bf3 Bf6 19. Ne2 Rab8 20. Be3 Rxb1 21. Rxb1 Rb8 22. Rb3 Bg5 23. Bg4 f5 24. Bxg5 Nxg5 25. h4 Ne4 26. Bf3 Nd2 27. Rxb8+ Nxb8 28. Bxd5+ cxd5 29. Qe8+ Kh7 30. h5 gxh5 31. Qxh5+ Kg8 32. Qe8+ Kh7 33. Qh5+ 1/2-1/2

[Event "Rilton Cup 47th"]
[Site "Stockholm"]
[Date "2017.12.30"]
[Round "4"]
[White "Dushyant, Sharma"]
[Black "Johansson, Gunnar"]
[Result "1/2-1/2"]
[WhiteElo "2302"]
[BlackElo "2226"]
[PlyCount "62"]
[EventDate "2017.12.27"]
[EventType "swiss"]
[EventRounds "9"]
[EventCountry "SWE"]
[SourceTitle "CBM 182 Extra"]
[Source "ChessBase"]
[SourceDate "2018.02.23"]
[SourceVersion "1"]
[SourceVersionDate "2018.02.23"]
[SourceQuality "1"]

1. e4 c5 2. Nf3 e6 3. d4 cxd4 4. Nxd4 Nc6 5. Nc3 Qc7 6. Be3 a6 7. Qf3 Bd6 8. 0-0-0 Be5 9. Qe2 Nge7 10. g3 b5 11. f4 Bxd4 12. Bxd4 Nxd4 13. Rxd4 Rb8 14. Qd2 b4 15. Nd1 d5 16. exd5 Nxd5 17. Bg2 Bb7 18. Re1 0-0 19. Ne3 Nxe3 20. Rxe3 Bxg2 21. Qxg2 Rfd8 22. Red3 h6 23. Qd2 Rxd4 24. Rxd4 a5 25. Rd7 Qb6 26. Qd4 Qxd4 27. Rxd4 g5 28. Kd2 Kg7 29. c3 bxc3+ 30. Kxc3 gxf4 31. Rxf4 f5 1/2-1/2

[Event "Hasselbacken op"]
[Site "Stockholm"]
[Date "2017.11.03"]
[Round "4"]
[White "Akesson, Ralf"]
[Black "Johansson, Gunnar"]
[Result "1-0"]
[WhiteElo "2447"]
[BlackElo "2201"]
[PlyCount "114"]
[EventDate "2017.11.03"]
[EventType "swiss"]
[EventRounds "8"]
[EventCountry "SWE"]
[SourceTitle "CBM 181 Extra"]
[Source "ChessBase"]
[SourceDate "2017.12.12"]
[SourceVersion "1"]
[SourceVersionDate "2017.12.12"]
[SourceQuality "1"]

1. d4 d5 2. c4 c6 3. Nc3 Nf6 4. e3 e6 5. Nf3 Nbd7 6. Qc2 b6 7. Rb1 c5 8. cxd5 exd5 9. Nxd5 Nxd5 10. Qe4+ Be7 11. Qxd5 Rb8 12. Ne5 0-0 13. Nc6 Bb7 14. Bb5 Bxc6 15. Bxc6 Nf6 16. Qxd8 Rfxd8 17. dxc5 Rbc8 18. Ba4 Rxc5 19. 0-0 Ne4 20. Rd1 Rcd5 21. Rxd5 Rxd5 22. Bb3 Rd7 23. Kf1 Nd2+ 24. Bxd2 Rxd2 25. Rc1 Bc5 26. Rc4 Kf8 27. Bc2 a5 28. Ke1 Rd6 29. Ke2 h6 30. a3 Rd7 31. Ba4 Rd8 32. Bb5 g5 33. Re4 Kg7 34. g4 Kf6 35. Bc4 Bf8 36. f4 Bc5 37. Re5 Rd7 38. Rf5+ Kg6 39. Bd3 Kg7 40. fxg5 hxg5 41. Rxg5+ Kf8 42. h4 Re7 43. e4 Bd4 44. b3 Bb2 45. Rb5 Bxa3 46. Rxb6 Bb4 47. Kf3 Rd7 48. Bc4 Kg7 49. h5 Rd6 50. Rb7 Rf6+ 51. Ke2 Rf4 52. e5 Re4+ 53. Kf3 Rxe5 54. Rxf7+ Kh8 55. Rd7 Be7 56. Kf4 Re1 57. Kf5 Bb4 1-0

[Event "Hasselbacken op"]
[Site "Stockholm"]
[Date "2017.11.03"]
[Round "3"]
[White "Johansson, Gunnar"]
[Black "Cramling, Pia"]
[Result "1/2-1/2"]
[WhiteElo "2201"]
[BlackElo "2448"]
[PlyCount "64"]
[EventDate "2017.11.03"]
[EventType "swiss"]
[EventRounds "8"]
[EventCountry "SWE"]
[SourceTitle "CBM 181 Extra"]
[Source "ChessBase"]
[SourceDate "2017.12.12"]
[SourceVersion "1"]
[SourceVersionDate "2017.12.12"]
[SourceQuality "1"]

1. d4 Nf6 2. c4 e6 3. Nc3 Bb4 4. Qc2 0-0 5. a3 Bxc3+ 6. Qxc3 b6 7. Bg5 Bb7 8. f3 d5 9. e3 Nbd7 10. cxd5 exd5 11. Bd3 h6 12. Bh4 Re8 13. Ne2 c5 14. 0-0 Rc8 15. Rad1 Qe7 16. Bf2 a6 17. Rfe1 b5 18. Ng3 Qf8 19. Nf5 g6 20. Ng3 h5 21. Bb1 h4 22. Nf1 Qh6 23. dxc5 Rxc5 24. Qd4 Rc4 25. Qa7 Rc7 26. Rc1 Rec8 27. Rxc7 Rxc7 28. Qd4 Rc4 29. Qa7 Rc7 30. Qd4 Rc4 31. Qa7 Rc7 32. Qd4 Rc4 1/2-1/2

[Event "Stockholm op"]
[Site "Stockholm"]
[Date "2017.08.17"]
[Round "5"]
[White "Ask, Josef"]
[Black "Johansson, Gunnar"]
[Result "0-1"]
[WhiteElo "2174"]
[BlackElo "2202"]
[PlyCount "106"]
[EventDate "2017.08.15"]
[EventType "swiss"]
[EventRounds "9"]
[EventCountry "SWE"]
[SourceTitle "CBM 180 Extra"]
[Source "ChessBase"]
[SourceDate "2017.10.06"]
[SourceVersion "1"]
[SourceVersionDate "2017.10.06"]
[SourceQuality "1"]

1. e4 c5 2. d4 cxd4 3. c3 Nf6 4. e5 Nd5 5. Qxd4 e6 6. Nf3 Nc6 7. Qe4 f5 8. Qe2 b5 9. g3 a5 10. Bg2 Be7 11. 0-0 Ba6 12. Rd1 0-0 13. h4 f4 14. Qe4 fxg3 15. fxg3 Qb6+ 16. Kh2 Rae8 17. a4 bxa4 18. c4 Qb3 19. Rxd5 exd5 20. cxd5 Bd3 21. Qe3 Bxb1 22. Qxb3 axb3 23. Rxb1 Nb4 24. d6 Bd8 25. Be3 Nc6 26. Bf4 Bb6 27. Bh3 Rd8 28. Rd1 h6 29. Rd5 a4 30. Rb5 Nd4 31. Rxb6 Nxf3+ 32. Kh1 g5 33. hxg5 hxg5 34. Be3 Nxe5 35. Bg2 Nf7 36. Ra6 Rc8 37. Rxa4 Nxd6 38. Bd5+ Kg7 39. Bd4+ Kh7 40. Ra7 Nf5 41. Rxd7+ Kh6 42. Bc3 Rcd8 43. Rxd8 Rxd8 44. Bxb3 Nxg3+ 45. Kg2 Ne4 46. Be5 Rd2+ 47. Kg1 Kh5 48. Be6 Kh4 49. b4 g4 50. b5 Kh3 51. Bb3 Rg2+ 52. Kf1 Nd2+ 53. Ke1 Nxb3 0-1

[Event "Stockholm op"]
[Site "Stockholm"]
[Date "2017.08.15"]
[Round "3"]
[White "Wedin, Svante"]
[Black "Johansson, Gunnar"]
[Result "0-1"]
[WhiteElo "1882"]
[BlackElo "2202"]
[PlyCount "99"]
[EventDate "2017.08.15"]
[EventType "swiss"]
[EventRounds "9"]
[EventCountry "SWE"]
[SourceTitle "CBM 180 Extra"]
[Source "ChessBase"]
[SourceDate "2017.10.06"]
[SourceVersion "1"]
[SourceVersionDate "2017.10.06"]
[SourceQuality "1"]

1. e4 c5 2. Nf3 e6 3. d4 cxd4 4. Nxd4 Nc6 5. Be3 Qc7 6. g3 Ne5 7. Nd2 Nf6 8. Be2 a6 9. f4 Ng6 10. 0-0 b6 11. N4b3 Bb7 12. Bf3 Be7 13. c4 d6 14. a4 a5 15. Qe2 0-0 16. Nd4 Rfc8 17. Nb5 Qd8 18. Rfd1 Nd7 19. e5 Bxf3 20. Nxf3 dxe5 21. fxe5 Qe8 22. Nd6 Bxd6 23. exd6 Rd8 24. Nd4 Nc5 25. Nb5 Qc6 26. Qg2 Qxg2+ 27. Kxg2 Ne5 28. Bxc5 bxc5 29. Rac1 Rd7 30. Rc3 Rad8 31. Re1 Nc6 32. Rd3 Kf8 33. Red1 f6 34. Nc7 Kf7 35. Na6 Nb4 36. Nxb4 axb4 37. b3 Rc8 38. Ra1 Rc6 39. Rad1 e5 40. Rd5 Ke6 41. Kf3 Rdxd6 42. Rxd6+ Rxd6 43. Rxd6+ Kxd6 44. Ke4 g6 45. g4 Ke6 46. a5 f5+ 47. gxf5+ gxf5+ 48. Ke3 Kd6 49. Kd3 Kc6 50. Ke3 0-1